000
00309nam a22001097a 4500
999
_c
2998
_d
2998
005
20200925141013.0
008
200925b ||||| |||| 00| 0 eng d
040
_c
CML
245
_a
A Midsummer Night's Dream.
_c
Lever, J
260
_a
London
_b
Cox & Wyman Ltd
_c
1961
942
_2
ddc
_c
BK
_h
822
_m
SHA